The growth and management of the Japanese urban system
Salvato in:
| Autore principale: | |
|---|---|
| Natura: | Libro |
| Lingua: | Undetermined |
| Pubblicazione: |
New York
Academic Press
1979
|
| Soggetti: | |
| Tags: |
Aggiungi Tag
Nessun Tag, puoi essere il primo ad aggiungerne! !
|
| Thư viện lưu trữ: | Trung tâm Học liệu Trường Đại học Cần Thơ |
|---|
| LEADER | 00598nam a2200205Ia 4500 | ||
|---|---|---|---|
| 001 | CTU_110272 | ||
| 008 | 210402s9999 xx 000 0 und d | ||
| 082 | |a 301.3610952 | ||
| 082 | |b G559 | ||
| 100 | |a Glickman, Norman J. | ||
| 245 | 4 | |a The growth and management of the Japanese urban system | |
| 245 | 0 | |c Norman J. Glickman | |
| 260 | |a New York | ||
| 260 | |b Academic Press | ||
| 260 | |c 1979 | ||
| 650 | |a Cities and towns,Urbanization,Japan | ||
| 650 | |x Growth,Economic conditions | ||
| 650 | |z Japan,Japan | ||
| 904 | |i Năm | ||
| 980 | |a Trung tâm Học liệu Trường Đại học Cần Thơ | ||